Analýza spôsobov učenia v online vzdelávacom prostredí

Na minha lista:
Detalhes bibliográficos
Autor principal: Grošaft, Maroš (Author)
Outros Autores: Tvarožek, Jozef (Thesis advisor)
Formato: Manuscrito Livro
Idioma:eslovaco
Publicado em: 2015
Assuntos:
Acesso em linha:http://is.stuba.sk/zp/portal_zp.pl?podrobnosti=97063
Tags: Adicionar Tag
Sem tags, seja o primeiro a adicionar uma tag!

MARC

LEADER 00000ntm a22000003a 4500
001 stuzp53513
003 SK-STU
005 20160719154510.7
007 ta
008 150427s2015----xo-----f-mn---000-0-slo-d
040 |a STU  |b slo 
041 0 |a slo 
044 |a xo 
100 1 |a Grošaft, Maroš  |u 070200  |4 aut  |U FIIT Fakulta informatiky a informačných technológií  |T FIIT Ústav informatiky a softvérového inžinierstva  |X 52398  |U I200  |Y 179  |7 52398 
242 0 1 |a Analysis of Studying Methods in Online Learning Environment  |y eng 
245 1 0 |a Analýza spôsobov učenia v online vzdelávacom prostredí 
260 |c 2015 
300 |a 56 s.  |e CD-ROM 
650 4 |a vizualizácia  |2 slo 
650 4 |a online vzdelávanie  |2 slo 
650 4 |a používateľská aktivita  |2 slo 
650 4 |a visualization  |2 eng 
650 4 |a e-learning  |2 eng 
650 4 |a users activity  |2 eng 
700 1 |a Tvarožek, Jozef  |4 ths  |X 52473  |7 52473 
856 4 |u http://is.stuba.sk/zp/portal_zp.pl?podrobnosti=97063 
996 |b 284IB00040  |c I* BAP40/15  |l II680  |s P  |a 0  |w stuzp53513_0001 
SQL |a stuzp53513  |b DBP  |c SLO  |d Analýza spôsobov učenia v online vzdelávacom prostredí  |e 52398  |f Grošaft, Maroš  |g 070200  |h 52473  |i Tvarožek, Jozef  |j 20150617  |k 202  |l 07  |m http://is.stuba.sk/zp/portal_zp.pl?podrobnosti=97063  |n B-INFO  |o 9.2.1. informatika